01809nab a22002777a 4500999001500000003000400015005001700019008004100036040000700077100002900084245010600113260007200219300001300291500003800304505074900342505008901091650002601180650003001206650003101236650002401267650001601291650003601307650003101343773014401374942001301518 c5707d5707OSt20251230232347.0190605e xxu||||| |||| 00| 0 spa d cPJ 95232aLalanne, Julio E. 13aLa derogación de las "multas" de la Ley Bases : b¿tiene efecto retroactivo? /cJulio E. Lalanne.  aCiudad Autónoma de Buenos Aires :bThomson Reuters La Ley,c2024. ap. 26-34 aCita: TR LALEY AR/DOC/2131/2024  aSumario: I. Introducción.— II. Planteo del problema. Los fallos que aplican la Ley Bases en forma retroactiva y sus fundamentos.— III. Primera cuestión: las normas jurídicas que establecían indemnizaciones y agravamientos indemnizatorios, hoy derogadas, ¿son de naturaleza penal?; y, en consecuencia, ¿es aplicable a su respecto el principio de la ley penal más benigna? — IV. Segunda cuestión: ¿la situación jurídica que dio origen al derecho al cobro de las multas y agravamientos indemnizatorios se agotó con anterioridad a la entrada en vigencia de la Ley Bases?, ¿o, al contrario, se trata de una situación jurídica "existente" en los términos del art. 7° del Cód. Civ. Com. Nac.? — V. Conclusiones.  t¿Te interesa el texto completo? Solicitalo al correo: koha@justierradelfuego.gov.ar 091316aDERECHO LABORAL 091323aCONTRATO DE TRABAJO 091803aRELACIONES LABORALES 091382aINDEMNIZACION 092488aMULTA 094428aRELACIÓN DE DEPENDENCIA 094429aEMPLEO NO REGISTRADO0 0271193168dCiudad Autónoma de Buenos Aires : Thomson Reuters La Ley, 1999-2002.tRevista de derecho del trabajo. Nº 5 - Septiembre 2024 2udccANA